000 00874nam a2200217Ia 4500
001 17058
003 GE_BSU
008 181216s||||||||xx |||||||||||||| ||und||
040 _cGE_BSU
080 _a821.353.1-91-1 + 821.353.1-91-11
245 _aარსენას ლექსი. ეთერიანი. ლექსი ვეფხვისა და მოყმისა
245 _bეთერიანი ; ლექსი ვეფხვისა და მოყმისა
245 _cრედ.შ.ბუარიძე.
260 _aთბილისი
260 _bგანათლება
260 _c1965
300 _a106გვ. : ილ. ; 17სმ.
653 _aარსენას ლექსი ; ეთერიანი ;
653 _aლექსი ვეფხვისა და მოყმისა
942 _cBK
999 _c50120
_d50120